000 00513nam a2200169Ia 4500
999 _c21710
_d21710
003 OSt
005 20200630101212.0
008 190216s9999||||xx |||||||||||||| ||und||
020 _a9789380836539
040 _coclc
082 _a934
_bSIN/I
100 _aSingh, Mahesh Vikram
_93130
245 0 _aIndus Valley Civilization /
_cMahesh Vikram Singh ; Brij Bhushan Shrivastava
260 _bCentrum Press,
_c2011.
_aNew Delhi:
300 _a288p
942 _cBK
_2ddc
_h934
_iSIN/I
_k934
_mSIN/I